000 00935cam a22002654a 4500
001 15937160
003 OSt
005 20160722184727.0
008 091008s2009 ne b 001 0 eng
010 _a 2009289763
020 _a9781856175678
040 _aDLC
_cDLC
082 _aQY 4
_b454p 2009
100 1 _aArmarego, W. L. F.
_92303
245 1 0 _aPurification of laboratory chemicals /
_cWilfred L.F. Armarego, Christina Li Lin Chai.
250 _a6th ed.
260 _aAmsterdam ;
_aBoston :
_bElsevier/Butterworth-Heinemann,
_c2009.
300 _axvi, 743 p. ;
_c30 cm.
504 _aIncludes bibliographical references and index.
650 0 _aChemicals
_xPurification.
_92304
700 1 _aChai, Christina Li Lin.
_910417
906 _a7
_bcbc
_corigcop
_d2
_encip
_f20
_gy-gencatlg
942 _2z
_cO_SHELF
999 _c4853
_d4853